[Event "RUS-ch (Women) 1st League"]
[Site "Samara"]
[Date "2005.03.31"]
[Round "9"]
[White "Malysheva, Polina"]
[Black "Grabuzova, Tatiana"]
[Result "0-1"]
[WhiteElo "2283"]
[BlackElo "2332"]
[PlyCount "67"]
[EventDate "2005.03.23"]
[EventType "swiss"]
[EventRounds "9"]
[EventCountry "RUS"]
[SourceTitle "CBM 105 Extra"]
[Source "ChessBase"]
[SourceDate "2005.05.01"]
[SourceVersion "1"]
[SourceVersionDate "2005.05.01"]
[SourceQuality "1"]

1. e4 e6 2. d4 d5 3. e5 c5 4. c3 Nc6 5. Nf3 Qb6 6. a3 Nh6 7. b4 cxd4 8. cxd4 Nf5 9. Bb2 Be7 10. Bd3 a5 11. Qa4 0-0 12. b5 f6 13. Ra2 Nd8 14. 0-0 Nf7 15. Nbd2 fxe5 16. dxe5 N7h6 17. Nb3 Bd7 18. Bc1 Qd8 19. Rc2 b6 20. Bd2 Rc8 21. Rxc8 Bxc8 22. Rc1 Bd7 23. Rc2 Kh8 24. Bc1 Qb8 25. Bb2 Rc8 26. Rxc8+ Qxc8 27. Nfd4 Nxd4 28. Qxd4 Qc7 29. a4 Bb4 30. Qf4 Bc3 31. Bxc3 Qxc3 32. Nc1 Kg8 33. h4 Nf7 34. Qe3 0-1

[Event "RUS-ch (Women) 1st League"]
[Site "Samara"]
[Date "2005.03.28"]
[Round "6"]
[White "Malysheva, Polina"]
[Black "Grunina, Nina"]
[Result "1-0"]
[WhiteElo "2283"]
[BlackElo "2157"]
[PlyCount "109"]
[EventDate "2005.03.23"]
[EventType "swiss"]
[EventRounds "9"]
[EventCountry "RUS"]
[SourceTitle "CBM 105 Extra"]
[Source "ChessBase"]
[SourceDate "2005.05.01"]
[SourceVersion "1"]
[SourceVersionDate "2005.05.01"]
[SourceQuality "1"]

1. e4 c5 2. Nf3 e6 3. d4 cxd4 4. Nxd4 Qb6 5. Nb3 Qc7 6. Nc3 a6 7. f4 b5 8. Bd3 Bb7 9. 0-0 Nf6 10. a3 d6 11. Qe2 Nbd7 12. a4 b4 13. Nd1 Be7 14. Kh1 d5 15. e5 Ne4 16. Nf2 Nxf2+ 17. Qxf2 g6 18. Be3 Rc8 19. Qe2 0-0 20. Bd4 Nc5 21. Qg4 Nxd3 22. cxd3 Qc2 23. Qd1 Qxd1 24. Rfxd1 Rc2 25. Rac1 Rfc8 26. Kg1 g5 27. Rxc2 Rxc2 28. Rc1 Rxc1+ 29. Nxc1 gxf4 30. Kf2 f6 31. b3 Kf7 32. Ne2 fxe5 33. Bxe5 Bf6 34. d4 Bxe5 35. dxe5 Kg6 36. Nd4 Bc8 37. Kf3 Kg5 38. g3 fxg3 39. Kxg3 Bd7 40. h4+ Kh5 41. a5 Kg6 42. Kg4 Be8 43. Ne2 Bb5 44. Nf4+ Kf7 45. Kf3 Ke7 46. Ke3 Bf1 47. Kd4 Bb5 48. Kc5 Kd7 49. Nh5 Bd3 50. Kxb4 Kc6 51. Nf4 Bf5 52. Ne2 d4 53. Kc4 d3 54. Nd4+ Kd7 55. Nxf5 1-0

[Event "RUS-ch (Women) 1st League"]
[Site "Samara"]
[Date "2005.03.27"]
[Round "5"]
[White "Tomilova, Elena"]
[Black "Malysheva, Polina"]
[Result "1-0"]
[WhiteElo "2263"]
[BlackElo "2283"]
[PlyCount "59"]
[EventDate "2005.03.23"]
[EventType "swiss"]
[EventRounds "9"]
[EventCountry "RUS"]
[SourceTitle "CBM 105 Extra"]
[Source "ChessBase"]
[SourceDate "2005.05.01"]
[SourceVersion "1"]
[SourceVersionDate "2005.05.01"]
[SourceQuality "1"]

1. d4 Nf6 2. c4 e6 3. g3 d5 4. Bg2 dxc4 5. Nf3 c5 6. Qa4+ Nbd7 7. Qxc4 a6 8. 0-0 b5 9. Qc2 Bb7 10. a4 Rc8 11. axb5 axb5 12. Bd2 b4 13. Bg5 cxd4 14. Qd3 e5 15. Qb3 Qb6 16. Nbd2 Be7 17. Bh3 Rc5 18. Ra4 Rb5 19. Rfa1 Nc5 20. Ra8+ Bxa8 21. Rxa8+ Bd8 22. Qa2 0-0 23. Nc4 Qc7 24. Rc8 Qe7 25. Nfxe5 Ne6 26. Bf4 Nxf4 27. gxf4 Bc7 28. Nc6 Qxe2 29. N4e5 Bxe5 30. Ne7+ 1-0

[Event "St Petersburg-ch (Women)"]
[Site "St Petersburg"]
[Date "2005.02.22"]
[Round "8"]
[White "Malysheva, Polina"]
[Black "Ivanova, Tatiana"]
[Result "1-0"]
[WhiteElo "2283"]
[BlackElo "2206"]
[PlyCount "59"]
[EventDate "2005.02.15"]
[EventType "swiss"]
[EventRounds "9"]
[EventCountry "RUS"]
[SourceTitle "EXT 2006"]
[Source "ChessBase"]
[SourceDate "2005.11.24"]
[SourceVersion "1"]
[SourceVersionDate "2005.11.24"]
[SourceQuality "1"]

1. e4 d6 2. d4 Nf6 3. Nc3 c6 4. f4 Qa5 5. Bd3 e5 6. Nf3 exd4 7. Nxd4 g6 8. 0-0 Bg7 9. e5 dxe5 10. fxe5 Ng4 11. Ne4 Qxe5 12. Nf3 Qc7 13. h3 Ne5 14. Nxe5 Bxe5 15. Bc4 Be6 16. Bxe6 fxe6 17. Qg4 Bd4+ 18. Kh1 Qe5 19. Rf6 Kd7 20. c3 Qxf6 21. Nxf6+ Bxf6 22. Bg5 Bxg5 23. Qd4+ Kc7 24. Qxh8 h6 25. Rd1 a5 26. h4 Bxh4 27. Qe5+ Kc8 28. Qxe6+ Kc7 29. Qd6+ Kc8 30. Qf8+ 1-0

[Event "St Petersburg-ch (Women)"]
[Site "St Petersburg"]
[Date "2005.02.20"]
[Round "6"]
[White "Malysheva, Polina"]
[Black "Aseeva, Marina"]
[Result "1-0"]
[WhiteElo "2283"]
[BlackElo "2125"]
[PlyCount "61"]
[EventDate "2005.02.15"]
[EventType "swiss"]
[EventRounds "9"]
[EventCountry "RUS"]
[SourceTitle "EXT 2006"]
[Source "ChessBase"]
[SourceDate "2005.11.24"]
[SourceVersion "1"]
[SourceVersionDate "2005.11.24"]
[SourceQuality "1"]

1. e4 e5 2. Nf3 Nc6 3. Bb5 a6 4. Ba4 Nf6 5. 0-0 Be7 6. Re1 b5 7. Bb3 0-0 8. c3 d5 9. d4 Nxe4 10. dxe5 Be6 11. Nd4 Qd7 12. Nxe6 fxe6 13. Rxe4 Bc5 14. Be3 Qe7 15. Bxc5 Qxc5 16. Re2 Nxe5 17. Qd4 Qxd4 18. cxd4 Nc6 19. Rxe6 Nxd4 20. Re5 c6 21. Nd2 a5 22. Bd1 Rad8 23. Nf3 Nf5 24. Bc2 Nd6 25. Nd4 Nc4 26. Re7 Rc8 27. Ne6 Rf7 28. Bxh7+ Kxh7 29. Rxf7 Kg6 30. Rf3 Nxb2 31. Nf8+ 1-0